000
00275nam a2200109Ia 4500
008
221009s9999 xx 000 0 und d
082
_a
934/GOY
100
_a
Goyal, S R
_9
1641
245
2
_a
A Religious History Of Ancient India
260
_b
Kusumanjali Prakashan
942
_c
BK
999
_c
64782
_d
64782